| 000 | 00531nam a22001937a 4500 | ||
|---|---|---|---|
| 003 | NUST - PNEC | ||
| 005 | 20170116180813.0 | ||
| 008 | 150513b xxu||||| |||| 00| 0 eng d | ||
| 020 | _a0387914374 | ||
| 040 | _cLIBRARY | ||
| 082 | _a510.2462 STR | ||
| 100 |
_93544 _aStroud, K. A. |
||
| 245 |
_aFurther engineering mathematics _c K. STROUD |
||
| 250 | _a2 th ed. | ||
| 260 |
_aUSA: _bNew York, _cc 1990. |
||
| 300 | _a1140 p . : | ||
| 650 |
_93545 _aFurther engineering mathematics _xEngineering mathematics |
||
| 942 |
_2ddc _cBK |
||
| 999 |
_c63460 _d63460 |
||